| 000 | 00949cam a2200145ua 4500 | ||
|---|---|---|---|
| 041 |
_aeng _h |
||
| 082 |
_a631.352 _bIND/SP |
||
| 110 | 1 |
_aIndian standards institution . _bISI _c() |
|
| 245 | 0 | 0 |
_aSpecification for cylinder type hand lawn mover part-1 wheel type IS:7825-1975 / _cIndian standards institution. _hTextual Documents |
| 260 |
_aNew Delhi : _bIndian standards institution , _c1976. |
||
| 300 | _a11 ; . | ||
| 504 | _a | ||
| 942 | _cBK | ||
| 999 |
_c10614 _d10614 |
||